Provinces of the Republic of German-Austria in 1919 on a Map - Statistics

General Stats
  • This quiz has been taken 166 times
  • The average score is 7 of 12
Answers on the Map
Answers color-coded by a green-red scale on the quiz's map according to % correct below.
 
Answer Stats
Answer % Correct
German Tyrol
88%
Salzburg
84%
Lower Austria
78%
Upper Austria
78%
Styria
76%
Sudetenland
72%
Vorarlberg
64%
Carinthia
63%
German Bohemia
54%
German Moravia
41%
German Western Hungary
5%
Eastern Silesia
4%
No matching quizzes found
Score Distribution
Percent of People with Each Score
Percentile by Number Answered
Your Score History
You have not taken this quiz